Development of a lower-cost sprinkler system for domestic premises in the UK (Record no. 106829)

MARC details
000 -LEADER
fixed length control field 01347cad a22002415a 4500
001 - CONTROL NUMBER
control field L137572
008 - FIXED-LENGTH DATA ELEMENTS--GENERAL INFORMATION
fixed length control field 070416s2007 xxkbdo f f000 0 eng d
035 ## - SYSTEM CONTROL NUMBER
System control number (Sirsi) u137572
041 0# - LANGUAGE CODE
Language code of text/sound track or separate title eng
050 04 - LIBRARY OF CONGRESS CALL NUMBER
Classification number 692.21 $2 18
110 1# - MAIN ENTRY--CORPORATE NAME
Corporate name or jurisdiction name as entry element United Kingdom
Subordinate unit Department for Communities and Local Government
9 (RLIN) 4939
245 00 - TITLE STATEMENT
Title Development of a lower-cost sprinkler system for domestic premises in the UK
260 ## - PUBLICATION, DISTRIBUTION, ETC.
Place of publication, distribution, etc. London
Name of publisher, distributor, etc. DCLG
Date of publication, distribution, etc. 2007
490 #0 - SERIES STATEMENT
Series statement Department for Communities and Local Government Fire Research Technical Report
Volume/sequential designation 2/2007
520 ## - SUMMARY, ETC.
Summary, etc. Describes a prototype sprinkler system which offers the potential to reduce fire deaths in UK dwellings at lower costs than those for traditional systems. The savings result from combining the domestic water and sprinkler pipe distribution networks which allows a reliance on town mains pressure and the exclusion of expensive maintenance equipment. Inherent in the system design is the upgrading of the water supply pipe to the house from the town main to 32mm pipe.
590 ## - LOCAL NOTE (RLIN)
Local note KA
650 24 - SUBJECT ADDED ENTRY--TOPICAL TERM
Topical term or geographic name entry element FIRE PREVENTION
651 #4 - SUBJECT ADDED ENTRY--GEOGRAPHIC NAME
Geographic name United Kingdom
Chronological subdivision
690 ## - LOCAL SUBJECT ADDED ENTRY--TOPICAL TERM (OCLC, RLIN)
Topical term or geographic name as entry element MANAGEMENT-HEALTH AND SAFETY-FIRE SAFETY
710 1# - ADDED ENTRY--CORPORATE NAME
Corporate name or jurisdiction name as entry element Fire Protection Association
9 (RLIN) 231
856 40 - ELECTRONIC LOCATION AND ACCESS
Uniform Resource Identifier <a href="https://www.communities.gov.uk/index.asp?id=1509323">https://www.communities.gov.uk/index.asp?id=1509323</a>
Public note View the item free of charge at www.communities.gov.uk...
942 ## - ADDED ENTRY ELEMENTS (KOHA)
Suppress in OPAC 0
Holdings
Withdrawn status Lost status Source of classification or shelving scheme Damaged status Not for loan Home library Current library Shelving location Date acquired Total Checkouts Full call number Barcode Date last seen Copy number Price effective from Koha item type
    Dewey Decimal Classification     Virtual Virtual Online 16/04/2007   L137572 137572-1001 06/08/2019 1 06/08/2019 Book